000 00267nam a22001217a 4500
999 _c155198
_d155198
082 _a
_b
100 _aIndu Dave
245 _aThe basic essentials of counselling/
_cby Indu Dave.
260 _a
_bSterling,
_c1991.
300 _a197p.
650 _a
942 _cBK